Algebra for scientists & engineers. (Record no. 145462)
[ view plain ]
| 000 -LEADER | |
|---|---|
| fixed length control field | 00813cam9a220026500 4500 |
| 001 - CONTROL NUMBER | |
| control field | lce00786291 |
| 005 - DATE AND TIME OF LATEST TRANSACTION | |
| control field | 20190823093028.0 |
| 008 - FIXED-LENGTH DATA ELEMENTS--GENERAL INFORMATION | |
| fixed length control field | 700504s1969 enka 001 0 eng |
| 010 ## - LIBRARY OF CONGRESS CONTROL NUMBER | |
| LC control number | 72091436 //r892 |
| 015 ## - NATIONAL BIBLIOGRAPHY NUMBER | |
| National bibliography number | B*** |
| 020 ## - INTERNATIONAL STANDARD BOOK NUMBER | |
| International Standard Book Number | 0471534196 |
| 035 ## - SYSTEM CONTROL NUMBER | |
| System control number | (Sirsi) r11949 |
| 035 ## - SYSTEM CONTROL NUMBER | |
| System control number | (DLC) 72091436 //r892 |
| 035 ## - SYSTEM CONTROL NUMBER | |
| System control number | (UPRA)lce00786291 |
| 040 ## - CATALOGING SOURCE | |
| Original cataloging agency | DLC |
| Transcribing agency | DLC |
| Modifying agency | DLC |
| -- | ICU |
| 050 00 - LIBRARY OF CONGRESS CALL NUMBER | |
| Classification number | QA154 |
| Item number | .L53 |
| 082 00 - DEWEY DECIMAL CLASSIFICATION NUMBER | |
| Classification number | 512/.024/5 |
| 100 1# - MAIN ENTRY--PERSONAL NAME | |
| Personal name | Liebeck, H. (Hans) |
| Fuller form of name | Liebeck, H. (Hans) |
| Linkage | A66314.1 |
| 245 10 - TITLE STATEMENT | |
| Title | Algebra for scientists & engineers. |
| 260 ## - PUBLICATION, DISTRIBUTION, ETC. | |
| Place of publication, distribution, etc. | London, New York, |
| -- | London, New York, |
| Name of publisher, distributor, etc. | Wiley |
| Date of publication, distribution, etc. | [c1969] |
| 440 #0 - SERIES STATEMENT/ADDED ENTRY--TITLE | |
| Title | Introductory mathematics for scientists and engineers |
| Linkage | S1970.1 |
| 650 #0 - SUBJECT ADDED ENTRY--TOPICAL TERM | |
| Topical term or geographic name entry element | Algebra. |
| Linkage | S541.1 |
| 949 ## - LOCAL PROCESSING INFORMATION (OCLC) | |
| a | QA154 |
| w | lcc |
| i | -4698 |
| m | MAIN |
| t | BOOK |
| l | ON-SHELF |
No items available.